[Event "GBR-ch"]
[Site "Aberystwyth, Wales"]
[Date "2014.07.27"]
[Round "8.9"]
[White "Harvey, Marcus R"]
[Black "Wadsworth, Matthew J"]
[Result "1-0"]
[WhiteElo "2287"]
[BlackElo "2221"]
[PlyCount "129"]
[EventDate "2014.07.19"]
[EventType "swiss"]
[EventRounds "11"]
[EventCountry "GBR"]
[Source "John Saunders"]
[SourceDate "2015.07.24"]

1. g3 d5 2. Nf3 Nf6 3. Bg2 c6 4. O-O Bf5 5. d3 e6 6. Nh4 Bg6 7. Nxg6 hxg6 8. e4
Nbd7 9. Qe2 dxe4 10. dxe4 e5 11. Nd2 Bc5 12. Nc4 b5 13. Ne3 a6 14. c3 Bb6 15.
Rd1 Qc7 16. a4 O-O 17. b4 a5 18. axb5 cxb5 19. Qxb5 Qxc3 20. Bd2 Qc7 21. bxa5
Bd4 22. Ra2 Rfb8 23. Qe2 Qb7 24. Nd5 Qb3 25. Be1 Nxd5 26. exd5 Bb2 27. Raa1
Bxa1 28. Rxa1 Qb2 29. Qxb2 Rxb2 30. d6 Ra7 31. Bc6 Rc2 32. Bxd7 Rxd7 33. a6 Rc8
34. Bb4 Ra7 35. Ra5 Rca8 36. Kg2 f6 37. Bc5 Rd7 38. Kf3 Kf7 39. Ke4 Ke6 40. h4
f5+ 41. Ke3 Kd5 42. Bd4+ Kxd6 43. Bxe5+ Ke6 44. Bd4 Kd6 45. Kf4 Ke6 46. Be3 Kf6
47. a7 Re7 48. Ra6+ Kf7 49. Ra4 Kf6 50. Bd4+ Kf7 51. Bc5 Rc7 52. Be3 Re7 53.
Kg5 Rb7 54. Bd4 Rd7 55. Bb6 Rb7 56. Be3 Re7 57. h5 gxh5 58. Kxh5 Re6 59. Kg5 g6
60. Rh4 Ke7 61. Rh7+ Kd6 62. Rb7 f4 63. Bxf4+ Kc6 64. Rg7 Kb6 65. Bb8 1-0

[Event "GBR-ch"]
[Site "Aberystwyth, Wales"]
[Date "2014.07.27"]
[Round "8.10"]
[White "Storey, Charles H"]
[Black "Fernandez, Michael"]
[Result "0-1"]
[WhiteElo "2241"]
[BlackElo "2029"]
[PlyCount "104"]
[EventDate "2014.07.19"]
[EventType "swiss"]
[EventRounds "11"]
[EventCountry "GBR"]
[Source "John Saunders"]
[SourceDate "2015.07.24"]

1. e4 c5 2. Nc3 g6 3. f4 Bg7 4. Nf3 e6 5. d4 cxd4 6. Nxd4 a6 7. Be3 Ne7 8. h4
d5 9. e5 h5 10. g4 Nbc6 11. gxh5 Nxd4 12. Bxd4 Rxh5 13. Qg4 Nf5 14. Bf2 Qa5 15.
O-O-O b5 16. Kb1 Bb7 17. Rh3 b4 18. Ne2 Bc6 19. Be1 Qb6 20. Nd4 Nxd4 21. Bf2
Bb5 22. Bxd4 Qc6 23. Bg2 Rc8 24. Rd2 Bh6 25. Qd1 Bxf4 26. Bf3 Bxd2 27. Bxh5 Qc4
28. Rd3 Qxd3 29. cxd3 Bxd3+ 30. Ka1 Rc1+ 31. Qxc1 Bxc1 32. Bd1 Kd7 33. Bc5 Bf4
34. Bd4 Ke8 35. a3 b3 36. Bxb3 Bg3 37. Ba4+ Kf8 38. b4 Bxh4 39. Bc6 Be1 40. Kb2
g5 41. Bc5+ Kg7 42. a4 g4 43. b5 axb5 44. axb5 g3 45. b6 Bf2 46. b7 Bxc5 47.
b8=Q g2 48. Qd8 g1=Q 49. Qf6+ Kg8 50. Qd8+ Bf8 51. Be8 Qd4+ 52. Kb3 Qg4 0-1

[Event "GBR-ch"]
[Site "Aberystwyth, Wales"]
[Date "2014.07.27"]
[Round "8.11"]
[White "Haria, Ravi"]
[Black "Hackner, Oskar A"]
[Result "1-0"]
[WhiteElo "2202"]
[BlackElo "2108"]
[PlyCount "35"]
[EventDate "2014.07.19"]
[EventType "swiss"]
[EventRounds "11"]
[EventCountry "GBR"]
[Source "John Saunders"]
[SourceDate "2015.07.24"]

1. Nf3 Nf6 2. g3 b6 3. Bg2 Bb7 4. c4 c5 5. O-O e6 6. Nc3 d5 7. cxd5 Nxd5 8.
Nxd5 Bxd5 9. d4 Nd7 10. e4 Bxe4 11. Re1 Bd5 12. dxc5 Nxc5 13. b4 Nb7 14. Qa4+
Ke7 15. Bf4 a6 16. Rad1 b5 17. Qa3 f6 18. Ng5 1-0

[Event "GBR-ch"]
[Site "Aberystwyth, Wales"]
[Date "2014.07.27"]
[Round "8.12"]
[White "Batchelor, Peter J"]
[Black "Kett, Tim"]
[Result "1-0"]
[WhiteElo "2177"]
[BlackElo "2270"]
[PlyCount "109"]
[EventDate "2014.07.19"]
[EventType "swiss"]
[EventRounds "11"]
[EventCountry "GBR"]
[Source "John Saunders"]
[SourceDate "2015.07.24"]

1. d4 d6 2. Nf3 Nf6 3. g3 g6 4. Bg2 Bg7 5. O-O O-O 6. a4 c6 7. a5 Qc7 8. Nc3 e5
9. e4 Re8 10. dxe5 dxe5 11. h3 Na6 12. Be3 b5 13. axb6 axb6 14. Ne1 Bb7 15. Nd3
c5 16. b3 Rad8 17. Qe2 c4 18. bxc4 Qxc4 19. Na4 Nb4 20. Bxb6 Ra8 21. Nab2 Qxc2
22. Qxc2 Nxc2 23. Rxa8 Bxa8 24. Rc1 Nd4 25. Bxd4 exd4 26. e5 Nd7 27. f4 Bxg2
28. Kxg2 f6 29. Rc7 Nb6 30. Rc6 Nd5 31. Nc4 fxe5 32. fxe5 Ne7 33. Re6 Rc8 34.
Rxe7 Rxc4 35. Kf3 Rc2 36. e6 Bf6 37. Rf7 Rd2 38. Ke4 Re2+ 39. Kd5 Bg5 40. Ne5
d3 41. Nxd3 Re3 42. Nc5 Rxg3 43. Ne4 Rg1 44. Rb7 Bh4 45. e7 Bxe7 46. Rxe7 Ra1
47. Nf6+ Kf8 48. Rxh7 Ra5+ 49. Ke6 Ra6+ 50. Ke5 Ra5+ 51. Nd5 Kg8 52. Rd7 Ra3
53. Nf4 Rg3 54. Kf6 g5 55. Rg7+ 1-0

[Event "GBR-ch"]
[Site "Aberystwyth, Wales"]
[Date "2014.07.27"]
[Round "8.13"]
[White "Taylor, Adam A"]
[Black "McPhillips, Joseph"]
[Result "0-1"]
[WhiteElo "2021"]
[BlackElo "2200"]
[PlyCount "100"]
[EventDate "2014.07.19"]
[EventType "swiss"]
[EventRounds "11"]
[EventCountry "GBR"]
[Source "John Saunders"]
[SourceDate "2015.07.24"]

1. Nf3 Nf6 2. g3 e6 3. Bg2 d5 4. c4 Be7 5. O-O O-O 6. d4 c6 7. Qc2 b6 8. b3 Bb7
9. Bb2 Nbd7 10. Nc3 Rc8 11. e4 c5 12. exd5 exd5 13. Rfd1 Re8 14. Rac1 dxc4 15.
d5 cxb3 16. axb3 Bd6 17. Nb5 Bb8 18. d6 Bc6 19. Na3 b5 20. Nh4 Bxg2 21. Kxg2 g6
22. Nxb5 Qb6 23. Na3 Qc6+ 24. Kg1 Ne4 25. Nc4 Ng5 26. Ng2 Qf3 27. Rd2 Qg4 28.
Qc3 f6 29. Rd3 Nh3+ 30. Kh1 Nxf2+ 31. Kg1 Nh3+ 32. Kh1 Nf2+ 33. Kg1 Nxd3 34.
Qxd3 Rcd8 35. Nf4 Ne5 36. Nxe5 fxe5 37. Qd5+ Kg7 38. Bxe5+ Kh6 39. Re1 Bxd6 40.
Bg7+ Kxg7 41. Rxe8 Rxe8 42. Qxd6 Qf5 43. Qc6 Qb1+ 44. Kf2 Qc2+ 45. Kf3 Qxb3+
46. Kg4 Qf7 47. Qxc5 Qf5+ 48. Qxf5 gxf5+ 49. Kxf5 a5 50. Nd5 a4 0-1

[Event "GBR-ch"]
[Site "Aberystwyth, Wales"]
[Date "2014.07.27"]
[Round "8.14"]
[White "Villiers, Thomas"]
[Black "Shaw, Peter"]
[Result "1/2-1/2"]
[WhiteElo "2068"]
[BlackElo "2178"]
[PlyCount "137"]
[EventDate "2014.07.19"]
[EventType "swiss"]
[EventRounds "11"]
[EventCountry "GBR"]
[Source "John Saunders"]
[SourceDate "2015.07.24"]

1. d4 d5 2. c4 c6 3. Nf3 e6 4. e3 f5 5. b3 Nf6 6. Be2 Bd6 7. O-O Qe7 8. Bb2 O-O
9. Nbd2 b6 10. Ne5 Bb7 11. Ndf3 Nbd7 12. Nd3 Rac8 13. Nfe5 Rfd8 14. Rc1 c5 15.
Qe1 Bb8 16. f3 dxc4 17. Nxc4 cxd4 18. exd4 Nd5 19. Qd2 Qh4 20. Nce5 Nxe5 21.
dxe5 f4 22. Rxc8 Rxc8 23. Rc1 Rf8 24. Bd4 Rf5 25. Qe1 Qh6 26. Nf2 Qh4 27. Bc4
Rf8 28. Ne4 Qxe1+ 29. Rxe1 h6 30. Rd1 Rd8 31. Bb2 Kf7 32. Nd6+ Bxd6 33. exd6
Rxd6 34. Be5 Rc6 35. Rxd5 exd5 36. Bxd5+ Kg6 37. Bxc6 Bxc6 38. Bxf4 Kf5 39. Be3
Bd5 40. Kf2 g5 41. Bd4 g4 42. fxg4+ Kxg4 43. h3+ Kg5 44. Be3+ Kg6 45. g4 h5 46.
Kg3 hxg4 47. hxg4 Kf6 48. Kf4 Bf7 49. Bd4+ Ke6 50. Kg5 Be8 51. Kh6 Kd5 52. Bf2
Ke5 53. g5 Kf5 54. Bg1 Bf7 55. Kg7 Bh5 56. Be3 Bg6 57. a4 a6 58. b4 Be8 59. Kh7
Bxa4 60. g6 a5 61. g7 Bb3 62. b5 Bf7 63. Bxb6 a4 64. Bc7 Ke6 65. g8=Q Bxg8+ 66.
Kxg8 a3 67. b6 Kd7 68. Be5 Kc6 69. Bd4 1/2-1/2

[Event "GBR-ch"]
[Site "Aberystwyth, Wales"]
[Date "2014.07.27"]
[Round "8.15"]
[White "Pleasants, Allan J"]
[Black "Mason, Donald J"]
[Result "0-1"]
[WhiteElo "2061"]
[BlackElo "2167"]
[PlyCount "46"]
[EventDate "2014.07.19"]
[EventType "swiss"]
[EventRounds "11"]
[EventCountry "GBR"]
[Source "John Saunders"]
[SourceDate "2015.07.24"]

1. d4 Nf6 2. Bg5 d5 3. e3 Ne4 4. Bf4 c5 5. f3 Nf6 6. c3 Nc6 7. Bd3 e6 8. Nd2
Nh5 9. Bg3 Nxg3 10. hxg3 e5 11. Ne2 g6 12. Rc1 cxd4 13. cxd4 Bg7 14. Bb5 O-O
15. Bxc6 bxc6 16. Nb3 Re8 17. Kf2 Ba6 18. Nc3 Bc4 19. Qd2 Rb8 20. dxe5 Bxb3 21.
axb3 Bxe5 22. Rh4 Rxb3 23. Ra4 Qb8 0-1

[Event "GBR-ch"]
[Site "Aberystwyth, Wales"]
[Date "2014.07.27"]
[Round "8.16"]
[White "Jarmany, John"]
[Black "Hoare, Amy B"]
[Result "1-0"]
[WhiteElo "2073"]
[BlackElo "1950"]
[PlyCount "161"]
[EventDate "2014.07.19"]
[EventType "swiss"]
[EventRounds "11"]
[EventCountry "GBR"]
[Source "John Saunders"]
[SourceDate "2015.07.24"]

1. e4 e5 2. Nf3 Nc6 3. d4 exd4 4. Nxd4 Nf6 5. Nxc6 bxc6 6. e5 Qe7 7. Qe2 Nd5 8.
c4 Nb6 9. Nc3 a5 10. f4 Ba6 11. b3 Qe6 12. Qe4 g6 13. Bd3 Bg7 14. Bb2 O-O 15.
O-O Rfe8 16. Qf3 d5 17. cxd5 cxd5 18. Bxa6 Rxa6 19. Nb5 Qd7 20. a4 Nc8 21. Qd3
Ra8 22. Qc3 c6 23. Nd4 Ne7 24. Nf3 Nf5 25. Rac1 Rec8 26. Kh1 Nd6 27. Nd2 Nf5
28. Qd3 Qa7 29. Nf3 Qe3 30. Qxe3 Nxe3 31. Rfe1 Nf5 32. g4 Ne7 33. Ba3 Bf8 34.
Bd6 Ra6 35. Nd4 Re8 36. e6 f6 37. f5 Nxf5 38. Nxf5 gxf5 39. Bxf8 Kxf8 40. gxf5
Ke7 41. Rg1 Kd6 42. Rg7 Ke5 43. Rf1 h6 44. Kg2 Rb6 45. Rf3 Reb8 46. Rd7 Rb4 47.
Rc3 Rg4+ 48. Kf3 Rf4+ 49. Ke2 Re4+ 50. Kd2 Rd4+ 51. Kc2 Kxf5 52. Rxc6 Re8 53.
e7 Kg6 54. Rcd6 Rh4 55. Rxd5 Rxh2+ 56. Kc3 Rh5 57. Rxh5 Kxh5 58. b4 axb4+ 59.
Kxb4 f5 60. a5 f4 61. a6 f3 62. a7 f2 63. Rd1 Kg4 64. Kb5 Kf3 65. Kc6 Ke2 66.
Ra1 f1=Q 67. Rxf1 Kxf1 68. Kd7 Ra8 69. e8=Q Rxa7+ 70. Kd6 Ra6+ 71. Kd5 Kf2 72.
Qb5 Rg6 73. Qb3 Rg5+ 74. Ke4 Kg2 75. Kf4 Kh2 76. Qf3 Kg1 77. Qh3 Rg6 78. Qe3+
Kh2 79. Qe2+ Kg1 80. Qd1+ Kg2 81. Qc2+ 1-0

[Event "GBR-ch"]
[Site "Aberystwyth, Wales"]
[Date "2014.07.27"]
[Round "8.17"]
[White "Davis, Lee"]
[Black "Graham, David B"]
[Result "1/2-1/2"]
[WhiteElo "1978"]
[BlackElo "2155"]
[PlyCount "55"]
[EventDate "2014.07.19"]
[EventType "swiss"]
[EventRounds "11"]
[EventCountry "GBR"]
[Source "John Saunders"]
[SourceDate "2015.07.24"]

1. d4 Nf6 2. g3 g6 3. Bg2 Bg7 4. Nf3 d6 5. O-O O-O 6. c4 Nc6 7. Nc3 Bg4 8. h3
Bxf3 9. Bxf3 Nd7 10. e3 e5 11. d5 Ne7 12. e4 f5 13. b4 a5 14. Ba3 Nc8 15. bxa5
Rxa5 16. Bb4 Ra8 17. a4 b6 18. a5 bxa5 19. Rxa5 Rxa5 20. Bxa5 Ncb6 21. Bxb6
Nxb6 22. Qc2 Rf7 23. Na4 Nxa4 24. Qxa4 Qd7 25. Qxd7 Rxd7 26. g4 fxe4 27. Bxe4
Bh6 28. Rb1 1/2-1/2

[Event "GBR-ch"]
[Site "Aberystwyth, Wales"]
[Date "2014.07.27"]
[Round "8.18"]
[White "Hill, Alistair"]
[Black "Elwin, Adrian G"]
[Result "1-0"]
[WhiteElo "2126"]
[BlackElo "1974"]
[PlyCount "47"]
[EventDate "2014.07.19"]
[EventType "swiss"]
[EventRounds "11"]
[EventCountry "GBR"]
[Source "John Saunders"]
[SourceDate "2015.07.24"]

1. e4 c6 2. d4 d5 3. Nc3 dxe4 4. Nxe4 Nf6 5. Nxf6+ gxf6 6. c3 Bf5 7. Nf3 e6 8.
g3 Bd6 9. Bg2 Bg4 10. O-O Nd7 11. c4 h5 12. d5 Ne5 13. Qb3 Bxf3 14. Bxf3 h4 15.
dxe6 fxe6 16. Bg2 Qe7 17. Bf4 hxg3 18. hxg3 O-O-O 19. Rfd1 Ng4 20. Bxd6 Rxd6
21. c5 Rxd1+ 22. Rxd1 Rd8 23. Rxd8+ Kxd8 24. Qd1+ 1-0

[Event "GBR-ch"]
[Site "Aberystwyth, Wales"]
[Date "2014.07.27"]
[Round "8.19"]
[White "Burnett, Jim"]
[Black "Jones, Steven A"]
[Result "0-1"]
[WhiteElo "2124"]
[BlackElo "2064"]
[PlyCount "88"]
[EventDate "2014.07.19"]
[EventType "swiss"]
[EventRounds "11"]
[EventCountry "GBR"]
[Source "John Saunders"]
[SourceDate "2015.07.24"]

1. d4 Nf6 2. c4 e6 3. Nf3 Bb4+ 4. Bd2 Qe7 5. Nc3 O-O 6. Qc2 Nc6 7. a3 Bxc3 8.
Bxc3 d6 9. e3 e5 10. d5 Nb8 11. Be2 a5 12. b3 Bg4 13. O-O Nbd7 14. Rfd1 Rfb8
15. b4 axb4 16. axb4 Rxa1 17. Rxa1 b5 18. e4 bxc4 19. Bxc4 Bxf3 20. gxf3 Nh5
21. Ra7 Nf8 22. Bd2 Ng6 23. Bf1 Nh4 24. Rxc7 Qd8 25. Rc3 h6 26. Bh3 Qf6 27. Bg4
Nf4 28. Rc8+ Rxc8 29. Qxc8+ Kh7 30. b5 h5 31. Bxf4 exf4 32. Qc1 hxg4 33. b6 Qd8
34. Qc7 Qg5 35. b7 gxf3+ 36. Kf1 Qg2+ 37. Ke1 Qg1+ 38. Kd2 Qxf2+ 39. Kc3 Qe1+
40. Kc2 Qxe4+ 41. Kc3 Qe5+ 42. Kc2 f2 43. Qc4 Qe1 44. b8=Q f1=Q 0-1

[Event "GBR-ch"]
[Site "Aberystwyth, Wales"]
[Date "2014.07.27"]
[Round "8.20"]
[White "Menadue, Jeremy F S"]
[Black "Zhang, Anthony Y"]
[Result "0-1"]
[WhiteElo "2117"]
[BlackElo "1926"]
[PlyCount "136"]
[EventDate "2014.07.19"]
[EventType "swiss"]
[EventRounds "11"]
[EventCountry "GBR"]
[Source "John Saunders"]
[SourceDate "2015.07.24"]

1. d4 Nf6 2. c4 g6 3. Nc3 Bg7 4. e4 d6 5. Nge2 O-O 6. Ng3 e5 7. d5 a5 8. Be2
Na6 9. h4 h5 10. Bg5 Qe8 11. Qd2 Nc5 12. O-O-O Ng4 13. Bxg4 Bxg4 14. f3 Bd7 15.
Bh6 Qe7 16. Bxg7 Kxg7 17. Rdg1 Rab8 18. Nf1 b5 19. cxb5 Bxb5 20. g4 Ba6 21. Kb1
Bxf1 22. Rxf1 Rh8 23. Rfg1 Qf6 24. Qe3 Rb4 25. gxh5 Rxh5 26. Ne2 Rxh4 27. Rxh4
Qxh4 28. Ng3 Kf8 29. Ne2 Na4 30. b3 Nc5 31. Kc2 Qh2 32. Kc3 Qh3 33. Rg3 Qh4 34.
Rg1 Rb6 35. Rg3 Na6 36. Rg1 Rb7 37. Rg3 a4 38. Rg1 axb3 39. axb3 Nc5 40. Rb1
Qh3 41. b4 Nd7 42. Ra1 Nf6 43. Kc4 Kg7 44. Nc3 Nh5 45. Ra7 Qc8 46. Nb5 Rb6 47.
Nc3 Nf4 48. b5 Rb7 49. Rxb7 Qxb7 50. Na4 Kf6 51. Nc3 Qa8 52. Qf2 Qa1 53. b6
Qa6+ 54. Kb3 cxb6 55. Qh4+ Kg7 56. Qd8 b5 57. Qb8 Nd3 58. Nxb5 Nc5+ 59. Kb2 Nb7
60. Qe8 Qb6 61. Qc6 Qf2+ 62. Kb1 Qf1+ 63. Kb2 Qe2+ 64. Kb1 Nc5 65. Nxd6 Qd1+
66. Kb2 Qd2+ 67. Ka1 Qc1+ 68. Ka2 Qc2+ 0-1

[Event "GBR-ch"]
[Site "Aberystwyth, Wales"]
[Date "2014.07.27"]
[Round "8.21"]
[White "Wager, John D"]
[Black "Tambini, Jasper"]
[Result "0-1"]
[WhiteElo "2099"]
[BlackElo "2047"]
[PlyCount "122"]
[EventDate "2014.07.19"]
[EventType "swiss"]
[EventRounds "11"]
[EventCountry "GBR"]
[Source "John Saunders"]
[SourceDate "2015.07.24"]

1. d4 d5 2. Nf3 Nf6 3. e3 c5 4. b3 Nc6 5. Bd3 e6 6. O-O Bd6 7. Bb2 O-O 8. Ne5
Qc7 9. f4 cxd4 10. exd4 Nb4 11. Nd2 Nxd3 12. Nxd3 Ne4 13. g3 b6 14. Rf3 Ba6 15.
Re3 Rac8 16. Nxe4 dxe4 17. Ne1 f5 18. c4 Bb7 19. Ng2 Rf6 20. Qe2 Rg6 21. Rf1
Rf8 22. Kf2 Rh6 23. h4 Rg6 24. Rc1 Qe7 25. Rc2 Bc6 26. Qd2 Rg4 27. Ke1 h6 28.
Kd1 g5 29. hxg5 hxg5 30. Qf2 Kf7 31. Re1 gxf4 32. Nxf4 Bxf4 33. gxf4 Qh4 34.
Qxh4 Rxh4 35. d5 exd5 36. cxd5 Bxd5 37. Rc7+ Ke6 38. Rg1 Rg4 39. Rh1 Rg6 40.
Rhh7 Re8 41. Rxa7 Bc6 42. Bd4 Kd5 43. Bxb6 e3 44. Rhe7 e2+ 45. Kxe2 Bb5+ 46.
Ke3 Rxb6 47. Rxe8 Bxe8 48. Ra5+ Rb5 49. Ra4 Bc6 50. Rd4+ Kc5 51. Rc4+ Kb6 52.
Rc2 Rc5 53. Rxc5 Kxc5 54. a3 Bd5 55. b4+ Kc4 56. Kf2 Kb3 57. Ke3 Kxa3 58. Kd4
Be4 59. Kc5 Ka4 60. Kc4 Bc6 61. Kc5 Bb5 0-1

[Event "GBR-ch"]
[Site "Aberystwyth, Wales"]
[Date "2014.07.27"]
[Round "8.22"]
[White "Kalaiyalahan, Akshaya"]
[Black "Waddington, Mike P"]
[Result "1/2-1/2"]
[WhiteElo "2016"]
[BlackElo "2085"]
[PlyCount "92"]
[EventDate "2014.07.19"]
[EventType "swiss"]
[EventRounds "11"]
[EventCountry "GBR"]
[Source "John Saunders"]
[SourceDate "2015.07.24"]

1. Nf3 Nf6 2. c4 g6 3. d4 Bg7 4. g3 c6 5. Bg2 O-O 6. O-O d6 7. Nc3 a5 8. e4 Na6
9. h3 Rb8 10. Qe2 Qd7 11. Be3 Ne8 12. Rfd1 Nec7 13. c5 b5 14. cxb6 Rxb6 15.
Rac1 Rb4 16. Ne1 Nb5 17. Nxb5 Rxb5 18. e5 d5 19. Nd3 Qb7 20. Bf1 Qb6 21. Qc2
Bb7 22. Qc3 Nb4 23. Qa3 Nxd3 24. Bxd3 Rb4 25. b3 Ra8 26. Bc2 e6 27. Qb2 Qa7 28.
Qc3 Bf8 29. Qd2 Ba6 30. Bd3 Bxd3 31. Qxd3 a4 32. Rxc6 axb3 33. axb3 Qb7 34.
Rdc1 Rxb3 35. Qd1 Ba3 36. Rc7 Qb5 37. Qf3 Qe8 38. R1c2 Bf8 39. Qe2 Rab8 40. Kg2
R3b7 41. Qa6 Rxc7 42. Rxc7 Ra8 43. Qb7 Rb8 44. Qa6 Ra8 45. Qb7 Rb8 46. Qa6 Ra8
1/2-1/2

[Event "GBR-ch"]
[Site "Aberystwyth, Wales"]
[Date "2014.07.27"]
[Round "8.23"]
[White "Lenier, Jude A"]
[Black "Bullen, Alex"]
[Result "0-1"]
[WhiteElo "2099"]
[BlackElo "2054"]
[PlyCount "60"]
[EventDate "2014.07.19"]
[EventType "swiss"]
[EventRounds "11"]
[EventCountry "GBR"]
[Source "John Saunders"]
[SourceDate "2015.07.24"]

1. e4 c6 2. d4 d5 3. f3 dxe4 4. fxe4 e5 5. Nf3 Bg4 6. Bc4 Nd7 7. O-O Ngf6 8. c3
Bd6 9. Be3 Qc7 10. h3 Bh5 11. Nbd2 O-O 12. Bd3 Rfe8 13. Qc2 Bg6 14. Rae1 b5 15.
Nh4 a6 16. Nxg6 hxg6 17. a4 Nh5 18. d5 cxd5 19. axb5 axb5 20. exd5 e4 21. Nxe4
Bh2+ 22. Kh1 Rxe4 23. Bxe4 Ng3+ 24. Kxh2 Nxf1+ 25. Kg1 Nxe3 26. Rxe3 Qc5 27.
Qf2 Ra1+ 28. Kh2 Nf6 29. Bf3 Qd6+ 30. Qg3 Rh1+ 0-1

[Event "GBR-ch"]
[Site "Aberystwyth, Wales"]
[Date "2014.07.27"]
[Round "8.24"]
[White "Hill, Clive E"]
[Black "Brusey, Alan W"]
[Result "1-0"]
[WhiteElo "2330"]
[BlackElo "1951"]
[PlyCount "69"]
[EventDate "2014.07.19"]
[EventType "swiss"]
[EventRounds "11"]
[EventCountry "GBR"]
[Source "John Saunders"]
[SourceDate "2015.07.24"]

1. c4 Nc6 2. Nc3 e5 3. g3 Nf6 4. Bg2 Bc5 5. e3 a5 6. Nge2 O-O 7. d4 Ba7 8. Nb5
Bb8 9. d5 Na7 10. Nbc3 c5 11. h3 d6 12. g4 Bd7 13. a4 Ne8 14. Ng3 Qh4 15. e4 g6
16. Be3 Bc7 17. Qd2 Bd8 18. Bf1 Ng7 19. Rg1 g5 20. Nf5 Bxf5 21. exf5 Ne8 22.
Ne4 f6 23. O-O-O Qh6 24. Be2 Qg7 25. h4 h6 26. Rh1 Qd7 27. b3 Rf7 28. Rh3 b6
29. Rdh1 Kf8 30. hxg5 hxg5 31. Rh8+ Ke7 32. Bxg5 Bc7 33. Nxf6 Nxf6 34. Bxf6+
Kxf6 35. R1h6+ 1-0

[Event "GBR-ch"]
[Site "Aberystwyth, Wales"]
[Date "2014.07.27"]
[Round "8.25"]
[White "Brown, Thomas"]
[Black "Slade, Theodore"]
[Result "1-0"]
[WhiteElo "2104"]
[BlackElo "1818"]
[PlyCount "95"]
[EventDate "2014.07.19"]
[EventType "swiss"]
[EventRounds "11"]
[EventCountry "GBR"]
[Source "John Saunders"]
[SourceDate "2015.07.24"]

1. c4 c5 2. Nf3 Nc6 3. Nc3 g6 4. e3 Nf6 5. d4 cxd4 6. exd4 d5 7. cxd5 Nxd5 8.
Bc4 Nb6 9. Bb3 Bg7 10. O-O Nxd4 11. Nxd4 Qxd4 12. Qxd4 Bxd4 13. Nb5 Be5 14. Re1
Bb8 15. Bg5 e6 16. Rac1 O-O 17. Nc7 Bxc7 18. Rxc7 a5 19. a4 Nd5 20. Bxd5 exd5
21. Ree7 Be6 22. Bf6 Rfc8 23. f3 b6 24. Rxc8+ Rxc8 25. Rb7 Kf8 26. Rxb6 Bd7 27.
b3 Rc1+ 28. Kf2 Rb1 29. Rb8+ Be8 30. Bc3 Ke7 31. Bxa5 Rb2+ 32. Ke3 Rxg2 33. Bc7
Bc6 34. a5 Kd7 35. Bg3 f5 36. b4 g5 37. Be5 Ke6 38. Bc3 Rg1 39. b5 Rb1 40. Rb6
f4+ 41. Kd4 Rxb5 42. Rxc6+ Kf5 43. Rc5 Rxc5 44. Kxc5 g4 45. fxg4+ Kxg4 46. a6
f3 47. Bd4 f2 48. Bxf2 1-0

[Event "GBR-ch"]
[Site "Aberystwyth, Wales"]
[Date "2014.07.27"]
[Round "8.26"]
[White "Clancy, Martin J"]
[Black "Horton, Justin"]
[Result "0-1"]
[WhiteElo "2009"]
[BlackElo "2104"]
[PlyCount "64"]
[EventDate "2014.07.19"]
[EventType "swiss"]
[EventRounds "11"]
[EventCountry "GBR"]
[Source "John Saunders"]
[SourceDate "2015.07.24"]

1. Nf3 Nf6 2. c4 e6 3. g3 d5 4. Bg2 dxc4 5. Qa4+ Nbd7 6. O-O a6 7. Na3 Rb8 8.
Qxc4 b5 9. Qc2 Bb7 10. d3 Be7 11. Bf4 Rc8 12. e4 O-O 13. Rfe1 c5 14. Qd2 Qb6
15. Rac1 Rfd8 16. e5 Nd5 17. Ng5 Nxf4 18. Qxf4 Bxg5 19. Qxg5 Bxg2 20. Kxg2 Qb7+
21. Kg1 Qd5 22. Qe3 Qxa2 23. d4 Qd5 24. dxc5 Nxc5 25. Red1 Qxd1+ 26. Rxd1 Rxd1+
27. Kg2 Rd3 28. Qe2 Rcd8 29. Nb1 b4 30. h4 R8d5 31. Qc2 h6 32. Kf1 b3 0-1

[Event "GBR-ch"]
[Site "Aberystwyth, Wales"]
[Date "2014.07.27"]
[Round "8.27"]
[White "Fathallah, Joe"]
[Black "Simons, Martin J"]
[Result "0-1"]
[WhiteElo "1953"]
[BlackElo "2087"]
[PlyCount "68"]
[EventDate "2014.07.19"]
[EventType "swiss"]
[EventRounds "11"]
[EventCountry "GBR"]
[Source "John Saunders"]
[SourceDate "2015.07.24"]

1. d4 Nf6 2. c4 c5 3. d5 b5 4. cxb5 a6 5. Nc3 axb5 6. e4 Qa5 7. Bd2 b4 8. e5
bxc3 9. Bxc3 Qa4 10. Qxa4 Rxa4 11. exf6 gxf6 12. Bd3 Bb7 13. b3 Ra7 14. Bc4 d6
15. Ne2 Nd7 16. Nf4 Ne5 17. Bxe5 fxe5 18. Nh5 Bh6 19. a4 Ba6 20. Bxa6 Rxa6 21.
Ke2 Kd7 22. Ra3 Rb8 23. Kd3 Rb4 24. Kc2 Rd4 25. Rd1 Rh4 26. Ng3 Rxh2 27. Rh1
Rxh1 28. Nxh1 e6 29. dxe6+ Kxe6 30. Kc3 d5 31. b4 d4+ 32. Kc4 cxb4 33. Kxb4
Bf8+ 34. Kb3 Bxa3 0-1

[Event "GBR-ch"]
[Site "Aberystwyth, Wales"]
[Date "2014.07.27"]
[Round "8.28"]
[White "Hughes, Roy"]
[Black "Fraser, John"]
[Result "1-0"]
[WhiteElo "2059"]
[BlackElo "1854"]
[PlyCount "199"]
[EventDate "2014.07.19"]
[EventType "swiss"]
[EventRounds "11"]
[EventCountry "GBR"]
[Source "John Saunders"]
[SourceDate "2015.07.24"]

1. d4 Nf6 2. Nf3 g6 3. Bf4 Bg7 4. e3 d6 5. Be2 O-O 6. O-O Nbd7 7. c4 c5 8. Nc3
Nh5 9. Bg5 h6 10. Bh4 g5 11. Nd2 cxd4 12. exd4 Nf4 13. Bg3 e5 14. Bxf4 exf4 15.
Nde4 Nf6 16. Qc2 Kh8 17. Rad1 Bf5 18. Bd3 Rc8 19. Nxf6 Bxd3 20. Qxd3 Bxf6 21.
Nd5 Bg7 22. Rfe1 Qa5 23. a3 Qa4 24. b4 Rfe8 25. h4 Re6 26. hxg5 Qe8 27. Rxe6
Qxe6 28. Nxf4 Qxc4 29. gxh6 Bxh6 30. Qh3 Kg7 31. Nh5+ Kf8 32. Qg4 Qc2 33. Ng3
Qxd1+ 34. Qxd1 Rc1 35. Qxc1 Bxc1 36. a4 d5 37. Nf5 Ba3 38. b5 Ke8 39. Kf1 Kd7
40. Ke2 Ke6 41. g4 Bc1 42. Ne3 Ba3 43. Ng2 a6 44. Nf4+ Kd6 45. Nd3 axb5 46.
axb5 Kc7 47. g5 Kb6 48. Ne5 Kxb5 49. Nxf7 Kc4 50. g6 Bf8 51. Ke3 Bg7 52. Nd6+
Kc3 53. Nxb7 Bxd4+ 54. Kf4 Bg7 55. Nc5 d4 56. Ke4 Kc4 57. Nd3 Kc3 58. f4 Kc4
59. f5 Kc3 60. Nf4 Kc4 61. Nd3 Kc3 62. Ne5 Bxe5 63. Kxe5 d3 64. g7 d2 65. g8=Q
d1=Q 66. Qc8+ Kb4 67. Qb7+ Kc5 68. Qc7+ Kb5 69. Qd6 Qe1+ 70. Kf6 Qh4+ 71. Ke6
Qh3 72. Qd5+ Kb6 73. Ke7 Qh4+ 74. f6 Kc7 75. Qd7+ Kb8 76. Qb5+ Kc7 77. Qc5+ Kb7
78. Qe5 Kc6 79. Qd6+ Kb7 80. Kd7 Qa4+ 81. Kd8 Qa5+ 82. Ke8 Qh5+ 83. f7 Kc8 84.
Qd7+ Kb8 85. Qe6 Kc7 86. Qf6 Kc8 87. Qc3+ Kb8 88. Qg7 Kc8 89. Kf8 Kd7 90. Qd4+
Ke6 91. Qe4+ Kd7 92. Kg7 Qg5+ 93. Qg6 Qe5+ 94. Kg8 Qd5 95. Kg7 Qe5+ 96. Qf6
Qg3+ 97. Kh8 Qb8+ 98. f8=Q Qh2+ 99. Q6h6 Qd2 100. Qxd2+ 1-0

[Event "GBR-ch"]
[Site "Aberystwyth, Wales"]
[Date "2014.07.28"]
[Round "9.1"]
[White "Hawkins, Jonathan"]
[Black "Pert, Nicholas"]
[Result "1/2-1/2"]
[WhiteElo "2516"]
[BlackElo "2564"]
[PlyCount "84"]
[EventDate "2014.07.19"]
[EventType "swiss"]
[EventRounds "11"]
[EventCountry "GBR"]
[Source "John Saunders"]
[SourceDate "2015.07.24"]

1. Nf3 f5 2. d3 Nc6 3. e4 e5 4. Nc3 Nf6 5. exf5 d5 6. d4 exd4 7. Nxd4 Nxd4 8.
Qxd4 Bxf5 9. Bg5 Bxc2 10. Rc1 Bg6 11. h4 h6 12. Qe5+ Kf7 13. h5 Bh7 14. Nxd5 c6
15. Nc3 Bd6 16. Bc4+ Kf8 17. Bxf6 Bxe5 18. Bxd8 Rxd8 19. O-O g5 20. hxg6 Bxg6
21. Rfe1 Re8 22. Rcd1 Rh7 23. Bd3 Bxd3 24. Rxd3 Rhe7 25. Kf1 Bf6 26. Rxe7 Rxe7
27. f3 Ke8 28. b4 Rd7 29. Ke2 Be7 30. a3 Rxd3 31. Kxd3 Kd7 32. g4 Ke6 33. f4
Bd6 34. Ke4 a5 35. bxa5 Bxa3 36. Kd4 Bb2 37. Kc4 Bc1 38. Ne4 Bxf4 39. Nc5+ Kd6
40. Nxb7+ Kc7 41. Nc5 Bd2 42. Nb3 Be1 1/2-1/2